បច្ចេកទេសដាំដុះ និងផលិតពូជសណ្ដែកសៀង (Record no. 112)
[ view plain ]
| 000 -LEADER | |
|---|---|
| fixed length control field | 00499nam a22001577a 4500 |
| 003 - CONTROL NUMBER IDENTIFIER | |
| control field | OSt |
| 005 - DATE AND TIME OF LATEST TRANSACTION | |
| control field | 20150906154902.0 |
| 008 - FIXED-LENGTH DATA ELEMENTS--GENERAL INFORMATION | |
| fixed length control field | 150906b xxu||||| |||| 00| 0 eng d |
| 040 ## - CATALOGING SOURCE | |
| Transcribing agency | RUA |
| 082 ## - DEWEY DECIMAL CLASSIFICATION NUMBER | |
| Classification number | AGR កាតំម 1992 B004 Or.1 |
| 100 ## - MAIN ENTRY--PERSONAL NAME | |
| 9 (RLIN) | 125 |
| Personal name | កាតំម សូណាវណ្ណ |
| 245 ## - TITLE STATEMENT | |
| Title | បច្ចេកទេសដាំដុះ និងផលិតពូជសណ្ដែកសៀង |
| 260 ## - PUBLICATION, DISTRIBUTION, ETC. (IMPRINT) | |
| Place of publication, distribution, etc. | Phnom Penh |
| Name of publisher, distributor, etc. | RUA |
| Date of publication, distribution, etc. | 1992 |
| 300 ## - PHYSICAL DESCRIPTION | |
| Extent | 47p. |
| Other physical details | ill. |
| Dimensions | 29cm. |
| 942 ## - ADDED ENTRY ELEMENTS (KOHA) | |
| Source of classification or shelving scheme | |
| Koha item type | AGR |
| Price effective from | Date last seen | Permanent Location | Not for loan | Date acquired | Source of classification or shelving scheme | Koha item type | Barcode | Lost status | Damaged status | Shelving location | Withdrawn status | Current Location | Full call number |
|---|---|---|---|---|---|---|---|---|---|---|---|---|---|
| 2015-09-06 | 2015-09-06 | Library Block B | 2015-09-06 | AGR | RUA003209 | B004 | Library Block B | AGR កាតំម 1992 B004 Or.1 | |||||
| 2015-09-06 | 2015-09-06 | Library Block B | 2015-09-06 | AGR | RUA003565 | B004 | Library Block B | AGR កាតំម 1992 B004 Or.2 | |||||
| 2015-09-06 | 2015-09-06 | Library Block B | 2015-09-06 | AGR | RUA003281 | B004 | Library Block B | AGR កាតំម 1992 B004 Or.3 | |||||
| 2015-09-06 | 2015-09-06 | Library Block B | 2015-09-06 | AGR | RUA003002 | B004 | Library Block B | AGR កាតំម 1992 B004 Or.4 | |||||
| 2015-09-06 | 2015-09-06 | Library Block B | 2015-09-06 | AGR | RUA003993 | B004 | Library Block B | AGR កាតំម 1992 B004 Or.5 | |||||
| 2015-09-06 | 2015-09-06 | Library Block B | 2015-09-06 | AGR | RUA004463 | B004 | Library Block B | AGR កាតំម 1992 B004 Or.6 | |||||
| 2015-09-06 | 2015-09-06 | Library Block B | 2015-09-06 | AGR | RUA004029 | B004 | Library Block B | AGR កាតំម 1992 B004 Or.7 | |||||
| 2015-09-06 | 2015-09-06 | Library Block B | 2015-09-06 | AGR | RUA004257 | B004 | Library Block B | AGR កាតំម 1992 B004 Or.8 |